00728nab a2200193uuc4500001000800000005001700008008004100025035001200066040001300078041000800091100003700099245012200136650001300258650001600271650001800287700004900305700004700354773013300401151597420240820090258.0190129s2018 eng  a1515974 ccomduadb aeng10aPérez Muñoz, Diego4auteaut10aCorrosion protection in saline environment of a carbon steel coated (aluminium & three-layer painting system) by eats aAluminio aCorrosión 7aPintura2lemb10aMarulanda Arévalo, José Luddey4auteaut10aMoreno Téllez, Carlos Mauricio4auteaut0 tRevista Facultad de Ingeniería (Medellín)gNúmero 89, Octubre-Diciembre de 2018, páginas 26-33w120998x0120-6230067890